Word Ladder: Tom Cruise Quiz Stats

 Plays Quiz Updated May 12, 2015

Challenge
Share
Tweet
Embed
Score 0/32 Timer 03:00
1 Play Today
Hint 4-Letter Word % Correct
'A Few _____ Men', 1992GOOD
96.4%
'Eyes ____ Shut', 1999WIDE
94.2%
'The ____ Samurai', 2003LAST
92.5%
Face disguiseMASK
92.1%
'____ On The Fourth Of July', 1989BORN
91.3%
Dog feetPAWS
90.9%
Amusement park attractionRIDE
90.5%
Tree materialWOOD
90.5%
Weakest chess piecePAWN
90.1%
Vertical sail and rigging supportMAST
88.9%
Scottish girlLASS
88.8%
'____ Of Ages', 2012ROCK
88.5%
'____ Reacher', 2012JACK
87.2%
Physical sufferingPAIN
86.9%
'____ The Knife' (song)MACK
85.7%
Student athleteJOCK
84.6%
Hint 4-Letter Word % Correct
Metal strandWIRE
83.8%
Hottest of 4 elementsFIRE
83.4%
SkilletsPANS
83.3%
Huge crowdMASS
83.2%
'____ Of Thunder', 1990DAYS
80.2%
'____ Man', 1988RAIN
79.8%
ThugGOON
79.3%
'Casablanca' bar ownerRICK
78.8%
Blocker, Fogelberg, Marino and QuayleDANS
78.6%
Edible grass seedRICE
76.5%
BenefitBOON
76%
'Say Hey Kid', Willie ____MAYS
75.4%
'The ____', 1993FIRM
68.7%
Mold or shapeFORM
68.7%
Self-replicating computer virusWORM
68%
Ladder rungWORD
67.3%

Today's Daily Dose

Missing Word
Hayao Miyazaki

Word Ladder
Florida

On This Day
December 13th II

You're not logged in!

Compare scores with friends on all Sporcle quizzes.
OR
Log In

You Might Also Like...

Show Comments

Extras

Top Quizzes Today


Score Distribution

Your Account Isn't Verified!

In order to create a playlist on Sporcle, you need to verify the email address you used during registration. Go to your Sporcle Settings to finish the process.

Report this User

Report this user for behavior that violates our Community Guidelines.

Details: